000 00700nam a22002175i 4500
001 53520
003 ES-MaACL
005 20230906162800.0
007 t|
008 950929s1853 sp ||||1| spa d
040 _aCAM
_bspa
_cCAM
245 0 0 _aExtrait abrégé des vieux mémoriaux de l'Abbaye de Saint-Aubin-des-Bois en Bretagne /
_c[préface Francisque -Michel].
260 _aParis :
_bP. Jannet,
_c1853.
300 _a63 p. ;
_c17 cm.
490 1 _aBibliothèque elzévirienne
610 2 4 _aPledeliac, France. Saint Aubin-du-Bois.
_9154036
700 0 _aMichel, Francisque.
_980892
830 0 _aBibliothèque elzévirienne
_9180979
852 _aES-MaACL
_jG-2371
999 _c53520
_d53520